000
00283nam a22001337a 4500
003
SGT
082
_a
615.53
_b
T04C
100
_a
CHOUHAN JAHAN SINGH
245
_a
TWACHAROGA CHIKITSHA
260
_a
VARANASI
_b
CHAUKHAMBA PUB
300
_a
374
650
_a
AYURVEDA
942
_2
ddc
_c
BK
999
_c
16606
_d
16606